Biblioteca y Centro de Documentación

Migration du travail qualifié et formation de capital humain dans les pays en développement (Registro nro. 36729)

Detalles MARC
000 -CABECERA
Longitud fija campo de control 01093naa a2200289 c 4500
001 - NÚMERO DE CONTROL
Número de control 36729
003 - IDENTIFICADOR DE NÚMERO DE CONTROL
Identificador del número de control ES-MaCES
005 - FECHA Y HORA DE LA ÚLTIMA TRANSACCIÓN
Fecha y hora de la última transacción 20150925135507.0
008 - CAMPO FIJO DE DESCRIPCIÓN FIJA--INFORMACIÓN GENERAL
Códigos de información de longitud fija   060622n2005 fr t 000 | fre d
035 ## - NÚMERO DE CONTROL DEL SISTEMA
Número de control del sistema CES20060009975v
040 ## - FUENTE DE CATALOGACIÓN
Centro catalogador de origen ES-MaCES
Lengua de catalogación spa
Centro transcriptor ES-MaCES
100 1# - ENCABEZAMIENTO PRINCIPAL--NOMBRE PERSONAL
Nombre de persona Docquier, Frédéric
9 (RLIN) 10834
245 10 - MENCIÓN DE TÍTULO
Título Migration du travail qualifié et formation de capital humain dans les pays en développement
Resto del título : un modèle stylisé et une revue de la littérature récente
Mención de responsabilidad, etc. Frédéric Docquier, Hillel Rapoport
500 ## - NOTA GENERAL
Nota general Resumen en francés e inglés
504 ## - NOTA DE BIBLIOGRAFÍA, ETC.
Nota de bibliografía, etc. Bibliografía: p.24-26
650 #4 - ASIENTO SECUNDARIO DE MATERIA--TÉRMINO DE MATERIA
Término de materia o nombre geográfico como elemento inicial país en desarrollo
9 (RLIN) 27092
650 #4 - ASIENTO SECUNDARIO DE MATERIA--TÉRMINO DE MATERIA
Término de materia o nombre geográfico como elemento inicial éxodo de talentos
9 (RLIN) 28626
650 #4 - ASIENTO SECUNDARIO DE MATERIA--TÉRMINO DE MATERIA
Término de materia o nombre geográfico como elemento inicial migración
9 (RLIN) 28635
650 #4 - ASIENTO SECUNDARIO DE MATERIA--TÉRMINO DE MATERIA
Término de materia o nombre geográfico como elemento inicial capital humano
9 (RLIN) 29498
653 10 - TÉRMINO DE INDEXACIÓN--NO CONTROLADO
Término no controlado Educación
650 #4 - ASIENTO SECUNDARIO DE MATERIA--TÉRMINO DE MATERIA
9 (RLIN) 27392
Término de materia o nombre geográfico como elemento inicial formación
700 1# - ENCABEZAMIENTO SECUNDARIO--NOMBRE PERSONAL
Nombre de persona Rapoport, Hillel
9 (RLIN) 21751
773 0# - ENTRADA DE DOCUMENTO FUENTE
Título Economie internationale
Parte(s) relacionada(s) nº 104 (4º trim. 2005){10368 R. 064600}; p. 5-26
Número de control del registro relacionado (ES-MaCES)25378
Itemnumber del ítem fuente 54030
902 ## - CES. TIPO DE DOCUMENTO
Tipodoc (006$c Sirtex) ART Artículo de revista
942 ## - ELEMENTOS KOHA
Fuente de clasificaión o esquema Clasificación propia del CES
Koha [por defecto] tipo de item Artículos (1982-2017)
Parte de clasificación 4.0.

No hay ítems disponibles.

© CES, Consejo Económico y Social de España 2021